Statistiken für Billigste Stadt-Mieten Deutschlands (pro m²)

Klicken Sie hier um das Quiz zu spielen!

Allgemein

  • Dieses Quiz wurde 77 mal gespielt
  • Das Durchschnittsergebnis liegt bei 4 aus 10

Antwortstatistiken

Einwohner circaMietpreis pro m²Antwort% Korrekt
ca. 247`0005,50 €Chemnitz
72%
ca. 100`0006,07 €Cottbus
69%
ca. 94`0005,60 €Gera
56%
ca. 260`0006,20 €Gelsenkirchen
51%
ca. 91`0005,87 €Zwickau
47%
ca. 81`0005,62 €Dessau-Roßlau
36%
ca. 63`0004,95 €Plauen
29%
ca. 189`0006,23 €Hagen
24%
ca. 105'0006,14 €Salzgitter
21%
ca. 76`0006,42 €Wilhelmshaven
8%

Verteilung der Resultate

Perzentil nach korrekt beantworteten Fragen

Anzahl Personen mit jedem Resultat

Ihre Resultats-Entwicklung

Sie haben dieses Quiz noch nicht gespielt